| 000 | 00985nam a2200277Ia 4500 | ||
|---|---|---|---|
| 003 | OSt | ||
| 005 | 20220918171414.0 | ||
| 006 | a|||||r|||| 00| 0 | ||
| 007 | ta | ||
| 008 | 220917b |||||||| |||| 00| 0 eng d | ||
| 020 |
_a9781780760155 (hbk) _c6525.35 |
||
| 024 | _a280,904 | ||
| 037 |
_bBBS10163, 26/03/2014, Better Book Services _cTextual |
||
| 040 |
_aARTS _cARTS _beng |
||
| 041 |
_2eng _aeng |
||
| 082 | _aV45.N, Q3 | ||
| 100 |
_aHillenbrand Robert Ed. _936413 |
||
| 245 | 0 |
_aFerdowsi the mongols and the history of Iran _b Art literature and culture from early islam to qajar persia |
|
| 260 |
_aNew York _bI.B.Tauris U.S.A _c2013 |
||
| 300 |
_axxvi, 406p. _ccm. |
||
| 650 | _aHISTORY | ||
| 700 |
_a Abdullaeva Firuza Ed. _936414 |
||
| 700 |
_a Peacock A. C. S. Ed. _936415 |
||
| 942 |
_hV45.N, Q3 _cTEXL _2CC |
||
| 999 |
_c139450 _d139450 |
||